000 00701cam a2200157 4500
001 ABS61025
008 000000n1999 000 0 eng u
035 _a(Sirsi) u101579
100 _aSherwill, R.
245 _aAppealing to common sense.
260 _c1999
490 _aEstates Gazette
_v(9927) 10 July 1999, 116-117(2)
520 _aDiscusses government proposals for an overhaul of the rating appeal process. Proposed changes include setting out in advance when appeals will be considered by the VO, an amendment to protect ratepayers if the VO backdates an alteration and the introduction of three options for backdating ratepayers' appeals.
690 _aRATING AND VALUATION
942 _n0
999 _c60711
_d60711